000 00287nam a22001337a 4500
008 171017b xxu||||| |||| 00| 0 eng d
020 _a9780534580957
041 _aeng
080 _a331
100 _a52
101 _aPUN
245 _aEMPLOYEE SELECTION
_cBERRY,L.M
942 _2udc
_cBK
999 _c34299
_d34299